[Event "Bolton Easter op"]
[Site "Bolton"]
[Date "2024.03.31"]
[Round "5"]
[White "Macklin, Paul"]
[Black "Kobryn, Peter J"]
[Result "1-0"]
[WhiteElo "2308"]
[BlackElo "1896"]
[PlyCount "57"]
[EventDate "2024.03.29"]
[EventType "swiss"]
[EventRounds "6"]
[EventCountry "ENG"]
[SourceTitle "CB18_2024"]
[SourceDate "2024.05.01"]
[SourceVersion "1"]
[SourceVersionDate "2024.05.01"]
[SourceQuality "2"]

1. e4 g6 2. d4 Bg7 3. Nf3 d6 4. Nc3 a6 5. Be3 b5 6. Bd3 Bb7 7. h4 h6 8. e5 e6 9. Ne4 dxe5 10. dxe5 Ne7 11. Qe2 Nd7 12. 0-0-0 Qc8 13. Nc5 Bxf3 14. gxf3 Nxe5 15. Be4 c6 16. Bd4 Rg8 17. f4 Nc4 18. Bxg7 Rxg7 19. b3 Nb6 20. h5 Qc7 21. hxg6 Qxf4+ 22. Kb1 Nbd5 23. Bxd5 Nxd5 24. gxf7+ Qxf7 25. Rxd5 cxd5 26. Nxe6 Kd7 27. Qe5 Qf3 28. Qxg7+ Kxe6 29. Rxh6+ 1-0

[Event "Ilkley EJCOA 3rd"]
[Site "Ilkley"]
[Date "2022.02.27"]
[Round "8"]
[White "Urh, Zala"]
[Black "Macklin, Paul"]
[Result "0-1"]
[WhiteElo "2307"]
[BlackElo "2341"]
[PlyCount "96"]
[EventDate "2022.02.23"]
[EventType "tourn"]
[EventRounds "9"]
[EventCountry "ENG"]
[EventCategory "4"]
[SourceTitle "CBM 207 Extra"]
[Source "ChessBase"]
[SourceDate "2022.05.31"]
[SourceVersion "1"]
[SourceVersionDate "2022.05.31"]
[SourceQuality "1"]

1. d4 Nf6 2. c4 g6 3. Nc3 Bg7 4. e4 d6 5. h3 0-0 6. Be3 e5 7. d5 Na6 8. g4 Nc5 9. Qc2 c6 10. Nge2 cxd5 11. cxd5 Bd7 12. Ng3 Rc8 13. Qd2 a5 14. Be2 b5 15. f3 b4 16. Nd1 Ne8 17. h4 f5 18. gxf5 gxf5 19. Bg5 Qb6 20. exf5 Bxf5 21. Ne3 Bd7 22. h5 e4 23. Nc4 Qa7 24. Be3 exf3 25. h6 fxe2 26. hxg7 Rf3 27. Nxe2 Qa6 28. b3 Nf6 29. Rf1 Rxf1+ 30. Kxf1 Nce4 31. Qd4 Bh3+ 32. Kg1 Re8 33. Nf4 Qc8 34. Kh2 Bg4 35. Rg1 Qf5 36. Nd2 Qg5 37. Nf3 Qh6+ 38. Kg2 Bxf3+ 39. Kxf3 Qh2 40. Qd3 h6 41. Ne6 Qe5 42. Bf4 Qf5 43. Qb5 Rc8 44. Qb7 Rc3+ 45. Ke2 Qh5+ 46. Ke1 Rc2 47. Qb5 Rxa2 48. Qb8+ Ne8 0-1

[Event "Ilkley EJCOA 3rd"]
[Site "Ilkley"]
[Date "2022.02.25"]
[Round "4"]
[White "Macklin, Paul"]
[Black "Royal, Shreyas"]
[Result "0-1"]
[WhiteElo "2341"]
[BlackElo "2272"]
[PlyCount "84"]
[EventDate "2022.02.23"]
[EventType "tourn"]
[EventRounds "9"]
[EventCountry "ENG"]
[EventCategory "4"]
[SourceTitle "CBM 207 Extra"]
[Source "ChessBase"]
[SourceDate "2022.05.31"]
[SourceVersion "1"]
[SourceVersionDate "2022.05.31"]
[SourceQuality "1"]

1. e4 e5 2. Nf3 Nc6 3. Bc4 Bc5 4. c3 Nf6 5. d3 d6 6. 0-0 0-0 7. h3 a6 8. a4 Ba7 9. Re1 h6 10. Nbd2 Re8 11. b4 Be6 12. Bxe6 Rxe6 13. Qc2 Qd7 14. Nb3 Nh5 15. Kh2 Ne7 16. d4 Rf8 17. g4 Rf6 18. Qe2 Nf4 19. Bxf4 Rxf4 20. b5 Ng6 21. Rad1 Re8 22. Nbd2 exd4 23. cxd4 d5 24. Qd3 axb5 25. axb5 dxe4 26. Nxe4 Rf8 27. Ng3 Qd5 28. Re4 Rxe4 29. Qxe4 Rd8 30. Re1 Qxe4 31. Rxe4 Rd5 32. Re8+ Kh7 33. Nf5 Rxb5 34. Rd8 c6 35. Nd6 Rb3 36. Ne5 Bxd4 37. Nexf7 Bxf2 38. Ne4 Bh4 39. Re8 Rf3 40. Ned6 Bg3+ 41. Kg1 Bxd6 42. Nxd6 Rxh3 0-1

[Event "Ilkley EJCOA 3rd"]
[Site "Ilkley"]
[Date "2022.02.24"]
[Round "3"]
[White "Claridge Hansen, William"]
[Black "Macklin, Paul"]
[Result "1/2-1/2"]
[WhiteElo "2338"]
[BlackElo "2341"]
[PlyCount "110"]
[EventDate "2022.02.23"]
[EventType "tourn"]
[EventRounds "9"]
[EventCountry "ENG"]
[EventCategory "4"]
[SourceTitle "CBM 207 Extra"]
[Source "ChessBase"]
[SourceDate "2022.05.31"]
[SourceVersion "1"]
[SourceVersionDate "2022.05.31"]
[SourceQuality "1"]

1. c4 Nf6 2. g3 g6 3. Bg2 Bg7 4. Nc3 0-0 5. e4 d6 6. Nge2 c5 7. d3 Nc6 8. 0-0 Rb8 9. Rb1 a6 10. a4 Bg4 11. f3 Bd7 12. Be3 Ne8 13. d4 cxd4 14. Nxd4 Nxd4 15. Bxd4 b5 16. cxb5 axb5 17. b3 bxa4 18. Bxg7 Nxg7 19. bxa4 Rxb1 20. Qxb1 Ne6 21. Qb4 Bc6 22. Rb1 Qa8 23. Bf1 Nc5 24. a5 Rc8 25. Bc4 e6 26. Rd1 Rb8 27. Qa3 Qa7 28. Kg2 Qe7 29. Rd2 g5 30. g4 h5 31. h3 h4 32. Rb2 Ra8 33. Ne2 Qc7 34. Qe3 f6 35. a6 Kg7 36. Ra2 Bd7 37. Qd4 Kf7 38. Kg1 Ke7 39. f4 Qa7 40. Kh2 e5 41. fxe5 dxe5 42. Qe3 Bc6 43. Bd5 Bxd5 44. exd5 Nd7 45. Qf3 Rc8 46. Nc3 Qd4 47. Ne4 Qxd5 48. Rd2 Qc6 49. a7 Ra8 50. Qa3+ Kf7 51. Nd6+ Kg6 52. Qd3+ e4 53. Qf1 Ne5 54. Qf5+ Kg7 55. Nxe4 Rxa7 1/2-1/2

[Event "Telford 4NCL op"]
[Site "Telford"]
[Date "2018.11.03"]
[Round "7"]
[White "Willow, Jonah B"]
[Black "Macklin, Paul"]
[Result "1/2-1/2"]
[WhiteElo "2271"]
[BlackElo "2361"]
[PlyCount "55"]
[EventDate "2018.10.31"]
[EventType "swiss"]
[EventRounds "9"]
[EventCountry "ENG"]
[SourceTitle "CBM 187 Extra"]
[Source "ChessBase"]
[SourceDate "2018.11.04"]
[SourceVersion "1"]
[SourceVersionDate "2018.11.04"]
[SourceQuality "1"]

1. e4 d6 2. d4 Nf6 3. Nc3 g6 4. f4 Bg7 5. Nf3 0-0 6. Bd3 Nc6 7. e5 dxe5 8. dxe5 Nd5 9. 0-0 Ndb4 10. Be4 Qxd1 11. Rxd1 Bf5 12. Bxf5 gxf5 13. Ne1 Rfd8 14. Be3 Na6 15. a3 Na5 16. b3 e6 17. Nf3 f6 18. exf6 Bxf6 19. Bd4 Kf7 20. Bxf6 Kxf6 21. Re1 Nc6 22. Re3 Nd4 23. Nxd4 Rxd4 24. Rae1 Re8 25. Rh3 Kg6 26. Rg3+ Kf7 27. Rh3 Kg6 28. Rg3+ 1/2-1/2

[Event "Telford 4NCL op"]
[Site "Telford"]
[Date "2018.11.02"]
[Round "5"]
[White "Britton, Richard"]
[Black "Macklin, Paul"]
[Result "1/2-1/2"]
[WhiteElo "2204"]
[BlackElo "2361"]
[PlyCount "64"]
[EventDate "2018.10.31"]
[EventType "swiss"]
[EventRounds "9"]
[EventCountry "ENG"]
[SourceTitle "CBM 187 Extra"]
[Source "ChessBase"]
[SourceDate "2018.11.04"]
[SourceVersion "1"]
[SourceVersionDate "2018.11.04"]
[SourceQuality "1"]

1. e4 g6 2. d4 Bg7 3. Nc3 c6 4. Nf3 d6 5. Be3 Nf6 6. Qd2 0-0 7. Bh6 Bg4 8. Be2 Bxf3 9. Bxf3 e5 10. Bxg7 Kxg7 11. 0-0-0 Qa5 12. g4 b5 13. dxe5 dxe5 14. h4 b4 15. Nb1 Na6 16. g5 Ng8 17. Be2 Nc5 18. h5 Ne6 19. hxg6 hxg6 20. Qe3 Nf4 21. Bc4 Rfd8 22. Nd2 Ne7 23. Nb3 Qb6 24. Nc5 Rxd1+ 25. Kxd1 Rd8+ 26. Nd3 Qd4 27. Qxd4 Rxd4 28. b3 Rxe4 29. Nxb4 a5 30. Nd3 Nxd3 31. Bxd3 Rg4 32. Re1 f6 1/2-1/2

[Event "Telford 4NCL op"]
[Site "Telford"]
[Date "2018.11.01"]
[Round "2"]
[White "Macklin, Paul"]
[Black "Gormally, Daniel"]
[Result "0-1"]
[WhiteElo "2361"]
[BlackElo "2482"]
[PlyCount "86"]
[EventDate "2018.10.31"]
[EventType "swiss"]
[EventRounds "9"]
[EventCountry "ENG"]
[SourceTitle "CBM 187 Extra"]
[Source "ChessBase"]
[SourceDate "2018.11.04"]
[SourceVersion "1"]
[SourceVersionDate "2018.11.04"]
[SourceQuality "1"]

1. e4 c5 2. Nc3 Nc6 3. Bb5 Nd4 4. Bc4 Nf6 5. d3 a6 6. a4 e6 7. Nge2 d5 8. Ba2 dxe4 9. Nxe4 Nxe4 10. dxe4 Qa5+ 11. Nc3 Be7 12. 0-0 0-0 13. Bd2 Qc7 14. Ne2 Rd8 15. Ng3 Qd7 16. Ba5 Re8 17. c3 Nc6 18. Bb6 Ne5 19. a5 c4 20. Qh5 Qb5 21. Qe2 Bc5 22. Bc7 Nd3 23. Rab1 Qc6 24. Bb6 Bxb6 25. axb6 e5 26. b3 Nf4 27. Qe3 Be6 28. Rfd1 Red8 29. bxc4 g6 30. Rd5 f6 31. h4 Rac8 32. Bb3 Kg7 33. Kh2 Bxd5 34. exd5 Qd7 35. f3 Qe7 36. Nf1 f5 37. g3 Nh5 38. Re1 Re8 39. Qf2 Nf6 40. Kg2 Qd6 41. Nd2 Re7 42. Ba4 Qa3 43. Bb3 a5 0-1

[Event "Telford 4NCL op"]
[Site "Telford"]
[Date "2018.10.31"]
[Round "1"]
[White "Rahulan, Thivyaa"]
[Black "Macklin, Paul"]
[Result "0-1"]
[WhiteElo "1868"]
[BlackElo "2361"]
[PlyCount "60"]
[EventDate "2018.10.31"]
[EventType "swiss"]
[EventRounds "9"]
[EventCountry "ENG"]
[SourceTitle "CBM 187 Extra"]
[Source "ChessBase"]
[SourceDate "2018.11.04"]
[SourceVersion "1"]
[SourceVersionDate "2018.11.04"]
[SourceQuality "1"]

1. c4 e5 2. Nc3 Nc6 3. Nf3 Nf6 4. g3 Bc5 5. Bg2 d6 6. 0-0 a6 7. a3 0-0 8. b4 Ba7 9. Bb2 Re8 10. Rc1 Rb8 11. d3 Bg4 12. h3 Bd7 13. Qd2 b5 14. cxb5 axb5 15. e3 Ne7 16. d4 e4 17. Ne1 Ned5 18. Nc2 Nb6 19. Na1 Nc4 20. Qc2 d5 21. Nb3 h5 22. Nd2 Nxd2 23. Qxd2 Rb6 24. Ra1 h4 25. a4 Bb8 26. a5 Ra6 27. g4 Nxg4 28. hxg4 h3 29. Bxh3 Qh4 30. Kg2 Bxg4 0-1

[Event "GBR-ch 105th"]
[Site "Hull"]
[Date "2018.08.02"]
[Round "6"]
[White "Hawkins, Jonathan J"]
[Black "Macklin, Paul"]
[Result "1/2-1/2"]
[WhiteElo "2590"]
[BlackElo "2363"]
[PlyCount "138"]
[EventDate "2018.07.28"]
[EventType "swiss"]
[EventRounds "9"]
[EventCountry "ENG"]
[SourceTitle "CBM 185 Extra"]
[Source "ChessBase"]
[SourceDate "2018.07.29"]
[SourceVersion "1"]
[SourceVersionDate "2018.07.29"]
[SourceQuality "1"]

1. d4 Nf6 2. c4 g6 3. Nc3 Bg7 4. e4 d6 5. Be2 0-0 6. Nf3 Na6 7. 0-0 e5 8. Be3 Ng4 9. Bg5 Qe8 10. dxe5 dxe5 11. Qc1 c6 12. Rd1 f6 13. Bd2 f5 14. h3 Nf6 15. exf5 Bxf5 16. Be3 Qe7 17. g4 Bc8 18. Bh6 e4 19. Bxg7 Kxg7 20. Qe3 Re8 21. Nd2 h6 22. Re1 Bd7 23. Ndxe4 Nxe4 24. Bf3 Nac5 25. Bxe4 a5 26. Rad1 Rad8 27. Qg3 Bc8 28. Rxd8 Qxd8 29. Rd1 Qe7 30. Bg2 g5 31. f4 gxf4 32. Qxf4 Qe3+ 33. Qxe3 Rxe3 34. Kf2 Rd3 35. Ke2 Rxd1 36. Nxd1 Be6 37. Ke3 Kf6 38. Kd4 Nd7 39. Nc3 c5+ 40. Ke3 Bxc4 41. Bxb7 Ke5 42. b3 Bf7 43. Bc6 Nb6 44. Na4 Nxa4 45. Bxa4 c4 46. bxc4 Bxc4 47. Bb3 Bb5 48. Bc2 Bd7 49. Kf3 Be6 50. a3 Bf7 51. h4 Bd5+ 52. Kg3 Be6 53. g5 hxg5 54. hxg5 Bf5 55. Bb3 Bg6 56. Kg4 Kd4 57. Kf4 Be8 58. Bd1 a4 59. Kf5 Kc3 60. Kf6 Kb2 61. Ke7 Bb5 62. g6 Kxa3 63. Kd6 Kb4 64. Bf3 Bc4 65. Bd5 Bxd5 66. Kxd5 a3 67. g7 a2 68. g8Q a1Q 69. Qb8+ Ka3 1/2-1/2

[Event "GBR-ch 105th"]
[Site "Hull"]
[Date "2018.08.01"]
[Round "5"]
[White "Macklin, Paul"]
[Black "Rudd, Jack"]
[Result "1-0"]
[WhiteElo "2363"]
[BlackElo "2244"]
[PlyCount "53"]
[EventDate "2018.07.28"]
[EventType "swiss"]
[EventRounds "9"]
[EventCountry "ENG"]
[SourceTitle "CBM 185 Extra"]
[Source "ChessBase"]
[SourceDate "2018.07.29"]
[SourceVersion "1"]
[SourceVersionDate "2018.07.29"]
[SourceQuality "1"]

1. e4 c6 2. d4 d5 3. exd5 cxd5 4. Bd3 Nc6 5. c3 Nf6 6. Bf4 Bg4 7. Qb3 Qc8 8. Nd2 e6 9. Ngf3 Bxf3 10. Nxf3 Be7 11. 0-0 0-0 12. Rfe1 Nh5 13. Bd2 Bd6 14. Qc2 g6 15. Bh6 Re8 16. Ne5 Qc7 17. f4 Rac8 18. Re2 f6 19. Bxg6 hxg6 20. Qxg6+ Ng7 21. Ng4 Rf8 22. Rxe6 Bxf4 23. Rxf6 Bxh6 24. Nxh6+ Kh8 25. Nf7+ Kg8 26. Raf1 Qe7 27. Ng5 1-0

[Event "GBR-ch 105th"]
[Site "Hull"]
[Date "2018.07.31"]
[Round "4"]
[White "Kalavannan, Koby"]
[Black "Macklin, Paul"]
[Result "1/2-1/2"]
[WhiteElo "2277"]
[BlackElo "2363"]
[PlyCount "34"]
[EventDate "2018.07.28"]
[EventType "swiss"]
[EventRounds "9"]
[EventCountry "ENG"]
[SourceTitle "CBM 185 Extra"]
[Source "ChessBase"]
[SourceDate "2018.07.29"]
[SourceVersion "1"]
[SourceVersionDate "2018.07.29"]
[SourceQuality "1"]

1. d4 Nf6 2. c4 g6 3. Nc3 Bg7 4. e4 d6 5. Be2 0-0 6. Be3 Nc6 7. d5 Ne5 8. h3 e6 9. Nf3 Nxf3+ 10. Bxf3 Nd7 11. Qd2 a5 12. Rc1 e5 13. g4 Nc5 14. Ke2 c6 15. Rcd1 cxd5 16. Bxc5 dxc5 17. Qxd5 Qe7 1/2-1/2

[Event "ENG Counties-chT final"]
[Site "Warwick"]
[Date "2018.07.07"]
[Round "1.3"]
[White "Macklin, Paul"]
[Black "Lang, Adam R"]
[Result "1-0"]
[WhiteElo "2363"]
[BlackElo "2183"]
[PlyCount "99"]
[EventDate "2018.07.07"]
[EventType "team-match"]
[EventRounds "1"]
[EventCountry "ENG"]
[SourceTitle "EXT 2019"]
[Source "ChessBase"]
[SourceDate "2018.10.10"]
[SourceVersion "1"]
[SourceVersionDate "2018.10.10"]
[SourceQuality "1"]
[WhiteTeam "Lancashire"]
[BlackTeam "Yorkshire"]
[WhiteTeamCountry "ENG"]
[BlackTeamCountry "ENG"]

1. e4 g6 2. d4 Bg7 3. Nf3 d6 4. Bc4 Nf6 5. Qe2 0-0 6. e5 dxe5 7. dxe5 Nd5 8. h3 Nc6 9. 0-0 h6 10. Rd1 e6 11. Bb3 Qe7 12. c4 Nb6 13. Nc3 Nd7 14. Bf4 Nc5 15. Bc2 b6 16. a3 a5 17. Qe3 Kh7 18. Ne4 Nxe4 19. Bxe4 Bb7 20. h4 Rab8 21. h5 Qc5 22. hxg6+ fxg6 23. Bxh6 Qxe3 24. Bxe3 Nxe5 25. Bxb7 Rxb7 26. Ng5+ Kg8 27. Nxe6 Re8 28. Nxg7 Kxg7 29. c5 bxc5 30. Bxc5 Kf7 31. b4 axb4 32. axb4 Reb8 33. Ra6 g5 34. f3 Re8 35. Kf2 Re6 36. Ra8 c6 37. Rc8 Nd7 38. Be3 Nf6 39. Bxg5 Rxb4 40. Bxf6 Rxf6 41. Rc7+ Kg6 42. Rc1 Rb6 43. Rc2 Ra6 44. g3 Kf5 45. Rc5+ Kg6 46. f4 Rb6 47. Kf3 Rd6 48. Kg4 Ra6 49. Rh5 Ra4 50. Rch7 1-0

[Event "BCF-chT2 1718 (4NCL) Promotion pool"]
[Site "England"]
[Date "2018.05.07"]
[Round "11.22"]
[White "Willow, Jonah B"]
[Black "Macklin, Paul"]
[Result "1/2-1/2"]
[WhiteElo "2177"]
[BlackElo "2395"]
[PlyCount "22"]
[EventDate "2017.11.11"]
[EventType "team-tourn"]
[EventRounds "11"]
[EventCountry "ENG"]
[SourceTitle "EXT 2020"]
[Source "ChessBase"]
[SourceDate "2019.10.17"]
[SourceVersion "1"]
[SourceVersionDate "2019.10.17"]
[SourceQuality "1"]
[WhiteTeam "Wood Green Monarchs"]
[BlackTeam "Manchester Manticores"]
[WhiteTeamCountry "ENG"]
[BlackTeamCountry "ENG"]

1. e4 g6 2. d4 Bg7 3. Nc3 c6 4. f4 d5 5. e5 Nh6 6. Be2 0-0 7. Nf3 Bg4 8. 0-0 f6 9. h3 Bxf3 10. Bxf3 e6 11. Ne2 fxe5 1/2-1/2

[Event "Newcastle on Tyne op"]
[Site "Newcastle on Tyne"]
[Date "2018.02.16"]
[Round "4"]
[White "Macklin, Paul"]
[Black "Moreby, James"]
[Result "1-0"]
[WhiteElo "2307"]
[BlackElo "2112"]
[PlyCount "45"]
[EventDate "2018.02.14"]
[EventType "swiss"]
[EventRounds "9"]
[EventCountry "ENG"]
[SourceTitle "CBM 182 Extra"]
[Source "ChessBase"]
[SourceDate "2018.02.23"]
[SourceVersion "1"]
[SourceVersionDate "2018.02.23"]
[SourceQuality "1"]

1. e4 c5 2. Nf3 d6 3. c3 Nf6 4. Be2 e6 5. 0-0 Be7 6. Re1 0-0 7. Bf1 Nc6 8. d4 cxd4 9. cxd4 d5 10. e5 Ne4 11. Nc3 Bb4 12. Nxe4 Bxe1 13. Bg5 Qc7 14. Nf6+ gxf6 15. Bxf6 Ne7 16. Qxe1 h6 17. Rc1 Qd7 18. Qd2 Kh7 19. Ng5+ hxg5 20. Qxg5 Nf5 21. Qh5+ Nh6 22. Bd3+ Kg8 23. Qg5# 1-0

[Event "BCF-chT2b 1718 (4NCL)"]
[Site "England"]
[Date "2018.02.10"]
[Round "5.82"]
[White "Clark, Kevin R"]
[Black "Macklin, Paul"]
[Result "1/2-1/2"]
[WhiteElo "2125"]
[BlackElo "2365"]
[PlyCount "20"]
[EventDate "2017.11.11"]
[EventType "team-tourn"]
[EventRounds "7"]
[EventCountry "ENG"]
[SourceTitle "EXT 2020"]
[Source "ChessBase"]
[SourceDate "2019.10.17"]
[SourceVersion "1"]
[SourceVersionDate "2019.10.17"]
[SourceQuality "1"]
[WhiteTeam "Poisoned Pawns"]
[BlackTeam "Manchester Manticores"]
[WhiteTeamCountry "ENG"]
[BlackTeamCountry "ENG"]

1. e4 Nc6 2. Nc3 Nf6 3. Nf3 d6 4. d4 g6 5. Bc4 Bg7 6. Bb3 0-0 7. Bg5 Bg4 8. Qd3 Bxf3 9. gxf3 e5 10. dxe5 dxe5 1/2-1/2

[Event "Harrogate 4NCL op-A 17th"]
[Site "Harrogate"]
[Date "2018.01.21"]
[Round "5"]
[White "Starley, Robert"]
[Black "Macklin, Paul"]
[Result "1/2-1/2"]
[WhiteElo "2079"]
[BlackElo "2329"]
[PlyCount "87"]
[EventDate "2018.01.19"]
[EventType "swiss"]
[EventRounds "5"]
[EventCountry "ENG"]
[SourceTitle "CBM 182 Extra"]
[Source "ChessBase"]
[SourceDate "2018.02.23"]
[SourceVersion "1"]
[SourceVersionDate "2018.02.23"]
[SourceQuality "1"]

1. e4 g6 2. d4 Bg7 3. Nc3 c6 4. Bc4 d5 5. exd5 b5 6. Bb3 b4 7. Ne4 cxd5 8. Nc5 Nf6 9. a3 bxa3 10. Rxa3 0-0 11. Nf3 Bg4 12. h3 Bxf3 13. Qxf3 Nc6 14. c3 e5 15. Ba4 exd4 16. Bxc6 Qe7+ 17. Qe2 Qxc5 18. Bxa8 Re8 19. Qxe8+ Nxe8 20. 0-0 Nc7 21. cxd4 Bxd4 22. Bb7 Qb6 23. Bc8 Bxb2 24. Bxb2 Qxb2 25. Rxa7 Qb8 26. Rfa1 h5 27. Bb7 Kg7 28. Ba8 Nb5 29. R7a5 Nc3 30. Bxd5 Qb4 31. Bf3 h4 32. Ra7 Qf4 33. Rd7 Kh6 34. Rd3 Qc4 35. Re3 f5 36. Kh1 f4 37. Ree1 Qd4 38. Kg1 Kg7 39. Rac1 Qd2 40. Re7+ Kf6 41. Rce1 Qd4 42. R7e6+ Kg7 43. Rc6 Qd2 44. Ree6 1/2-1/2

[Event "Harrogate 4NCL op-A 17th"]
[Site "Harrogate"]
[Date "2018.01.20"]
[Round "2"]
[White "Altham, John T"]
[Black "Macklin, Paul"]
[Result "0-1"]
[WhiteElo "1810"]
[BlackElo "2329"]
[PlyCount "52"]
[EventDate "2018.01.19"]
[EventType "swiss"]
[EventRounds "5"]
[EventCountry "ENG"]
[SourceTitle "CBM 182 Extra"]
[Source "ChessBase"]
[SourceDate "2018.02.23"]
[SourceVersion "1"]
[SourceVersionDate "2018.02.23"]
[SourceQuality "1"]

1. d4 d6 2. Bf4 Nf6 3. Nf3 g6 4. Nc3 Bg7 5. e4 c6 6. a4 0-0 7. Qd2 Bg4 8. Bc4 d5 9. exd5 Bxf3 10. gxf3 cxd5 11. Be2 Nc6 12. 0-0-0 e6 13. Bh6 Nxd4 14. Bxg7 Nxe2+ 15. Nxe2 Kxg7 16. h4 e5 17. h5 Rc8 18. Rdg1 Qd7 19. Ng3 Qxa4 20. Kb1 Kh8 21. Nf5 Rc7 22. Rh4 d4 23. hxg6 fxg6 24. Rxg6 Nd5 25. Nxd4 exd4 26. Rxd4 Qe8 0-1

[Event "BCF-chT2b 1718 (4NCL)"]
[Site "England"]
[Date "2018.01.14"]
[Round "4.62"]
[White "Brooks, Phil J"]
[Black "Macklin, Paul"]
[Result "0-1"]
[WhiteElo "2199"]
[BlackElo "2365"]
[PlyCount "70"]
[EventDate "2017.11.11"]
[EventType "team-tourn"]
[EventRounds "7"]
[EventCountry "ENG"]
[SourceTitle "EXT 2020"]
[Source "ChessBase"]
[SourceDate "2019.10.17"]
[SourceVersion "1"]
[SourceVersionDate "2019.10.17"]
[SourceQuality "1"]
[WhiteTeam "Warwicks Select"]
[BlackTeam "Manchester Manticores"]
[WhiteTeamCountry "ENG"]
[BlackTeamCountry "ENG"]

1. d4 d6 2. c4 e5 3. d5 Nf6 4. Nc3 g6 5. e4 Bg7 6. Nge2 a5 7. Ng3 Nbd7 8. Be2 Nc5 9. Be3 Bd7 10. h3 0-0 11. Qc2 c6 12. 0-0 cxd5 13. cxd5 Rc8 14. Qb1 h5 15. Rc1 h4 16. Nf1 Nh7 17. b4 axb4 18. Qxb4 f5 19. Nd2 Ng5 20. Bxc5 Rxc5 21. Qxb7 Rc7 22. Qb4 Nxh3+ 23. Kf1 Nf4 24. Nf3 Qf6 25. exf5 gxf5 26. Nb5 Rxc1+ 27. Rxc1 e4 28. Ne1 h3 29. gxh3 Qh4 30. Qb3 Nxh3 31. Qg3 Qh6 32. Rc7 f4 33. Qh2 f3 34. Rxd7 fxe2+ 35. Kxe2 Nf4+ 0-1

[Event "Shropshire op"]
[Site "Telford"]
[Date "2018.01.07"]
[Round "5"]
[White "Merry, Alan B"]
[Black "Macklin, Paul"]
[Result "1-0"]
[WhiteElo "2418"]
[BlackElo "2329"]
[PlyCount "55"]
[EventDate "2018.01.05"]
[EventType "swiss"]
[EventRounds "5"]
[EventCountry "ENG"]
[SourceTitle "CBM 182 Extra"]
[Source "ChessBase"]
[SourceDate "2018.02.23"]
[SourceVersion "1"]
[SourceVersionDate "2018.02.23"]
[SourceQuality "1"]

1. e4 g6 2. d4 Bg7 3. Nc3 c6 4. Bc4 d6 5. Bb3 e6 6. Nf3 Ne7 7. Be3 Nd7 8. Qd2 h6 9. 0-0 d5 10. Rfe1 Kf8 11. e5 b6 12. Ne2 Ba6 13. h4 Nf5 14. h5 g5 15. c3 Qe7 16. Bc2 Kg8 17. Nh2 f6 18. f4 Rf8 19. exf6 Nxf6 20. fxg5 hxg5 21. Bxg5 Qf7 22. Nf4 Nxh5 23. Nxe6 Nhg3 24. Nxf8 Qh5 25. Nf3 Qg4 26. Qf4 Rh1+ 27. Kf2 Rxe1 28. Rxe1 1-0

[Event "Shropshire op"]
[Site "Telford"]
[Date "2018.01.07"]
[Round "4"]
[White "Wallace, John Paul"]
[Black "Macklin, Paul"]
[Result "0-1"]
[WhiteElo "2415"]
[BlackElo "2329"]
[PlyCount "58"]
[EventDate "2018.01.05"]
[EventType "swiss"]
[EventRounds "5"]
[EventCountry "ENG"]
[SourceTitle "CBM 182 Extra"]
[Source "ChessBase"]
[SourceDate "2018.02.23"]
[SourceVersion "1"]
[SourceVersionDate "2018.02.23"]
[SourceQuality "1"]

1. d4 g6 2. e4 Bg7 3. Nc3 c6 4. f4 d5 5. e5 Nh6 6. Nf3 f6 7. Be3 Bg4 8. Be2 0-0 9. Qd3 Nd7 10. h3 Bxf3 11. Bxf3 fxe5 12. dxe5 g5 13. fxg5 Nxe5 14. Qe2 Nf5 15. Bf2 Nxf3+ 16. Qxf3 Nd4 17. Qd3 Rxf2 18. Kxf2 Qb6 19. Kg3 Qc7+ 20. Kg4 Qd7+ 21. Kh5 e5 22. Rhf1 e4 23. Nxe4 Qe8+ 24. Kh4 dxe4 25. Qc4+ Kh8 26. c3 Nc2 27. Rae1 Nxe1 28. Rxe1 e3 29. Qd3 Qf7 0-1

[Event "ENG County-ch"]
[Site "Warwick"]
[Date "2017.07.01"]
[Round "1.2"]
[White "Macklin, Paul"]
[Black "Ledger, Andrew"]
[Result "1/2-1/2"]
[WhiteElo "2292"]
[BlackElo "2362"]
[PlyCount "33"]
[EventDate "2017.07.01"]
[EventType "team-match"]
[EventRounds "1"]
[EventCountry "ENG"]
[SourceTitle "CBM 179 Extra"]
[Source "ChessBase"]
[SourceDate "2017.08.23"]
[SourceVersion "1"]
[SourceVersionDate "2017.08.23"]
[SourceQuality "1"]
[WhiteTeam "Lancashire"]
[BlackTeam "Yorkshire"]
[WhiteTeamCountry "ENG"]
[BlackTeamCountry "ENG"]

1. e4 c6 2. c4 d5 3. exd5 cxd5 4. cxd5 Nf6 5. Nc3 Nxd5 6. Bc4 Nb6 7. Bb3 g6 8. d4 Nc6 9. Nf3 Bg7 10. d5 Na5 11. 0-0 0-0 12. Bg5 Bg4 13. Re1 Re8 14. d6 Nxb3 15. Bxe7 Qd7 16. axb3 Nc8 17. Nd5 1/2-1/2

[Event "BCF-chT3N 1617 (4NCL)"]
[Site "England"]
[Date "2017.02.12"]
[Round "6.12"]
[White "Macklin, Paul"]
[Black "Li, Henry"]
[Result "1-0"]
[WhiteElo "2372"]
[BlackElo "2232"]
[PlyCount "119"]
[EventDate "2016.11.26"]
[EventType "team-swiss"]
[EventRounds "11"]
[EventCountry "ENG"]
[SourceTitle "EXT 2019"]
[Source "ChessBase"]
[SourceDate "2018.10.10"]
[SourceVersion "1"]
[SourceVersionDate "2018.10.10"]
[SourceQuality "1"]
[WhiteTeam "Manchester Manticores"]
[BlackTeam "Gonzaga"]
[WhiteTeamCountry "ENG"]
[BlackTeamCountry "IRL"]

1. e4 e5 2. Bb5 c6 3. Ba4 Nf6 4. d3 Be7 5. Nf3 0-0 6. 0-0 Na6 7. c3 Qc7 8. Re1 d6 9. h3 Bd7 10. Nbd2 Rfe8 11. Nf1 Bf8 12. Ng3 g6 13. d4 Bg7 14. Bc2 c5 15. Be3 Bc6 16. dxe5 dxe5 17. Qe2 b5 18. a4 Qb7 19. axb5 Bxb5 20. Bd3 Bxd3 21. Qxd3 Re6 22. Qc4 Rc8 23. Ng5 Rec6 24. Red1 h6 25. Nf3 Ne8 26. Rd2 Nd6 27. Qa4 Qb5 28. Qxb5 Nxb5 29. Rd5 Nbc7 30. Nxe5 Re6 31. Nc4 f5 32. exf5 Nxd5 33. fxe6 Nxe3 34. Nxe3 Rc6 35. e7 Kf7 36. Nd5 Nc7 37. Re1 Ke8 38. Nxc7+ Rxc7 39. Re6 Rxe7 40. Rxg6 Bf8 41. Kf1 Rb7 42. Re6+ Kf7 43. Re2 a5 44. Nf5 a4 45. Ne3 a3 46. bxa3 Rb1+ 47. Re1 Rb3 48. Ra1 Rxc3 49. a4 Bg7 50. a5 Rb3 51. Ra2 Rb7 52. a6 Ra7 53. Ke2 Ke6 54. Kd3 Kd7 55. Kc4 Kc6 56. Nd5 Bf8 57. f4 Bd6 58. f5 Bb8 59. f6 Kd6 60. Rf2 1-0